[Event "SB-2013-0-00347"]
[Site "LSS email"]
[Date "2014.01.07"]
[Round "?"]
[White "Razumov, Aleksandr Nikolaevi"]
[Black "Blair, Matthew"]
[Result "0-1"]
[WhiteElo "1763"]
[BlackElo "1881"]
[PlyCount "26"]
[EventDate "2013.12.15"]
[EventType "tourn (corr)"]
[EventRounds "6"]
[EventCountry "GER"]
[SourceTitle "Corr 2015"]
[Source "ChessBase"]
[SourceDate "2015.07.17"]
[SourceVersion "1"]
[SourceVersionDate "2015.07.17"]
[SourceQuality "1"]

1. e4 c5 2. Nf3 d6 3. Bb5+ Nd7 4. c4 Ngf6 5. d3 g6 6. Nc3 Bg7 7. h3 0-0 8. Bxd7 Bxd7 9. Bg5 a6 10. Qd2 b5 11. 0-0 Rb8 12. Rab1 b4 13. Nd5 Nxd5 0-1

[Event "RA-2013-0-00296"]
[Site "LSS email"]
[Date "2013.11.12"]
[Round "?"]
[White "Razumov, Aleksandr Nikolaevi"]
[Black "Morcin, Tom"]
[Result "1/2-1/2"]
[WhiteElo "1764"]
[BlackElo "2079"]
[PlyCount "88"]
[EventDate "2013.10.06"]
[EventType "tourn (corr)"]
[EventRounds "6"]
[EventCountry "GER"]
[SourceTitle "Telechess CBM 167"]
[Source "ChessBase"]
[SourceDate "2015.07.13"]
[SourceVersion "1"]
[SourceVersionDate "2015.07.13"]
[SourceQuality "1"]

1. c4 e5 2. Nc3 Nf6 3. g3 d5 4. cxd5 Nxd5 5. Bg2 Nb6 6. Nf3 Nc6 7. 0-0 Be7 8. d3 0-0 9. Be3 Be6 10. Nd2 Rb8 11. Bxc6 bxc6 12. Qc2 f5 13. f3 Qe8 14. Nb3 Qh5 15. Bc5 Bd6 16. Rac1 Rf6 17. e3 Qf7 18. Ne2 Nd5 19. Rf2 f4 20. exf4 exf4 21. Bxd6 cxd6 22. Qxc6 fxg3 23. hxg3 Rh6 24. Qxd6 Re8 25. Qe5 Bg4 26. Qxe8+ Qxe8 27. fxg4 Nb4 28. Rf3 Nxd3 29. Rxd3 Qxe2 30. Rc8+ Kf7 31. Rc7+ Kg6 32. Rd6+ Kg5 33. Rxg7+ Rg6 34. Rgxg6+ hxg6 35. Nd2 Kxg4 36. Rxg6+ Kf5 37. Rd6 Qe5 38. g4+ Kxg4 39. Rg6+ Kf4 40. Rg2 Qxb2 41. Nf1 Qb6+ 42. Kh1 Qc5 43. Kh2 a5 44. Rd2 Kf3 1/2-1/2

[Event "RA-2013-0-00296"]
[Site "LSS email"]
[Date "2013.11.12"]
[Round "?"]
[White "Razumov, Aleksandr Nikolaevi"]
[Black "O'Toole, Roger"]
[Result "0-1"]
[WhiteElo "1764"]
[BlackElo "2152"]
[PlyCount "116"]
[EventDate "2013.10.06"]
[EventType "tourn (corr)"]
[EventRounds "6"]
[EventCountry "GER"]
[SourceTitle "Telechess CBM 167"]
[Source "ChessBase"]
[SourceDate "2015.07.13"]
[SourceVersion "1"]
[SourceVersionDate "2015.07.13"]
[SourceQuality "1"]

1. e4 c5 2. Nf3 Nc6 3. d4 cxd4 4. Nxd4 Nf6 5. Nc3 e5 6. Ndb5 d6 7. Bg5 a6 8. Bxf6 gxf6 9. Na3 f5 10. Nc4 fxe4 11. Nxe4 Nd4 12. Ne3 Be6 13. c3 d5 14. Qh5 dxe4 15. Qxe5 Rg8 16. Rd1 Qb6 17. Qxd4 Bc5 18. Qxe4 Qxb2 19. Bc4 Qxc3+ 20. Ke2 Rxg2 21. Nxg2 Qxc4+ 22. Qxc4 Bxc4+ 23. Kf3 Bxa2 24. Nf4 Bb3 25. Rd3 Bc4 26. Rdd1 Kf8 27. Nd5 Bb5 28. Rhg1 Bc6 29. Rg5 Rd8 30. Ke2 b6 31. Rd2 h6 32. Rf5 Kg7 33. Ne3 Rxd2+ 34. Kxd2 a5 35. Rf4 h5 36. Kc1 b5 37. Nf5+ Kf6 38. Ng3+ Kg6 39. Kb1 Bd6 40. Rd4 Be5 41. Rd1 h4 42. Rc1 Bd7 43. Ne2 Bf5+ 44. Ka2 Be6+ 45. Kb1 b4 46. f4 Bf6 47. Rd1 a4 48. Nd4 Bd5 49. Nb5 Be4+ 50. Kc1 a3 51. Nd4 h3 52. Rd2 Kh5 53. Nb3 Bc3 54. Rd7 f5 55. Ra7 Kg4 56. Kd1 Bd5 57. Kc2 Kxf4 58. Nc1 Ke3 0-1

[Event "RA-2013-0-00296"]
[Site "LSS email"]
[Date "2013.11.12"]
[Round "?"]
[White "Razumov, Aleksandr Nikolaevi"]
[Black "Torell, Harald"]
[Result "0-1"]
[WhiteElo "1764"]
[BlackElo "1962"]
[PlyCount "106"]
[EventDate "2013.10.06"]
[EventType "tourn (corr)"]
[EventRounds "6"]
[EventCountry "GER"]
[SourceTitle "Telechess CBM 167"]
[Source "ChessBase"]
[SourceDate "2015.07.13"]
[SourceVersion "1"]
[SourceVersionDate "2015.07.13"]
[SourceQuality "1"]

1. d4 d6 2. e4 Nf6 3. Nc3 g6 4. f4 Bg7 5. Nf3 0-0 6. e5 Nfd7 7. Ne4 c5 8. c3 cxd4 9. cxd4 Nc6 10. Be2 Nb6 11. 0-0 Bf5 12. Nc3 Rc8 13. Be3 Nb4 14. Rc1 N4d5 15. Nxd5 Nxd5 16. Rxc8 Bxc8 17. Qd2 Nxe3 18. Qxe3 Qb6 19. b3 Bd7 20. Kh1 Qa5 21. a4 Rc8 22. exd6 exd6 23. Qe7 Qf5 24. Qxd6 Qe6 25. Qxe6 Bxe6 26. Bd1 Rc3 27. b4 Bf8 28. b5 Kg7 29. Kg1 Ra3 30. Bc2 Bd5 31. f5 Ra2 32. Rf2 Bb4 33. fxg6 hxg6 34. Bd1 Ra1 35. Rf1 Ba5 36. g3 Rxd1 37. Rxd1 Bxf3 38. Rf1 Bd5 39. Kf2 Kf6 40. Ke3+ Ke6 41. h4 f5 42. Rc1 Bb6 43. Rc3 Be4 44. Rc8 Kd5 45. Rg8 Bxd4+ 46. Ke2 Kc4 47. Kd2 Kb4 48. Rxg6 Kxa4 49. g4 Kxb5 50. Ke2 f4 51. Re6 f3+ 52. Kd2 Bd5 53. Re1 f2 0-1

[Event "CP-2013-P-00066"]
[Site "LSS email"]
[Date "2013.09.30"]
[Round "?"]
[White "Razumov, Aleksandr Nikolaevi"]
[Black "Jenneborg, Seved"]
[Result "1-0"]
[WhiteElo "1921"]
[BlackElo "1707"]
[PlyCount "121"]
[EventDate "2013.10.01"]
[EventType "tourn (corr)"]
[EventRounds "6"]
[EventCountry "GER"]
[SourceTitle "Telechess CBM 167"]
[Source "ChessBase"]
[SourceDate "2015.07.13"]
[SourceVersion "1"]
[SourceVersionDate "2015.07.13"]
[SourceQuality "1"]

1. e4 e6 2. d4 d5 3. Nc3 Nf6 4. Bg5 Bb4 5. e5 h6 6. exf6 hxg5 7. fxg7 Rg8 8. Qd3 Rxg7 9. a3 Be7 10. h3 c5 11. dxc5 Nc6 12. b4 b6 13. b5 Ne5 14. Qg3 Qc7 15. c6 Bd6 16. Qe3 Bc5 17. Qg3 f5 18. Na4 Nf3+ 19. Kd1 Qxg3 20. fxg3 Bd4 21. c3 Bxg1 22. gxf3 Bf2 23. g4 Bg3 24. c4 Rf7 25. Ra2 Ke7 26. Rg2 Be5 27. Be2 fxg4 28. Rxg4 Bf4 29. Kc2 Rf8 30. h4 Rh8 31. h5 d4 32. h6 e5 33. Rg2 g4 34. fxg4 e4 35. g5 d3+ 36. Kb3 dxe2 37. Nc3 Be6 38. Nxe2 Be5 39. Rh4 Bf5 40. g6 Rhd8 41. Rh5 Rd2 42. Nf4 Bxf4 43. Rxd2 Bxd2 44. Rxf5 Bxh6 45. Re5+ Kf6 46. Rxe4 Kxg6 47. Re6+ Kg7 48. c5 bxc5 49. Rxh6 Kxh6 50. Kc4 Kg5 51. Kxc5 Kf6 52. c7 Ke6 53. Kc6 Rg8 54. a4 Ke7 55. a5 Rf8 56. b6 axb6 57. axb6 Rh8 58. b7 Rh6+ 59. Kb5 Rh5+ 60. Ka6 Rh6+ 61. Ka7 1-0

[Event "OP-2013-0-02945"]
[Site "LSS email"]
[Date "2013.08.16"]
[Round "?"]
[White "Razumov, Aleksandr Nikolaevi"]
[Black "Chamberlain, Edwin"]
[Result "1-0"]
[WhiteElo "1972"]
[BlackElo "857"]
[PlyCount "37"]
[EventDate "2013.08.14"]
[EventType "tourn (corr)"]
[EventRounds "4"]
[EventCountry "GER"]
[SourceTitle "Corr 2015"]
[Source "ChessBase"]
[SourceDate "2015.07.17"]
[SourceVersion "1"]
[SourceVersionDate "2015.07.17"]
[SourceQuality "1"]

1. e4 g6 2. d4 Bg7 3. c3 d5 4. e5 c5 5. h3 e6 6. Nf3 Qb6 7. a3 a5 8. dxc5 Qxc5 9. Bf4 Ne7 10. a4 0-0 11. Bd3 Qb6 12. Qc1 Rd8 13. 0-0 Nec6 14. Re1 Qc7 15. Na3 Nd7 16. Nb5 Qb8 17. Qe3 Ndxe5 18. Nxe5 Nxe5 19. Bxe5 1-0

[Event "RC-2011-0-00086"]
[Site "LSS email"]
[Date "2011.11.04"]
[Round "?"]
[White "Razumov, Aleksandr Nikolaevi"]
[Black "Laczay, Istvan"]
[Result "0-1"]
[WhiteElo "1339"]
[BlackElo "1589"]
[PlyCount "56"]
[EventDate "2011.10.08"]
[EventType "tourn (corr)"]
[EventRounds "6"]
[EventCountry "GER"]
[SourceTitle "Telechess CBM 149"]
[Source "ChessBase"]
[SourceDate "2012.07.17"]
[SourceVersion "1"]
[SourceVersionDate "2012.07.17"]
[SourceQuality "1"]

1. d4 Nf6 2. c4 g6 3. Nc3 d5 4. cxd5 Nxd5 5. e4 Nxc3 6. bxc3 c5 7. Bb5+ Bd7 8. Rb1 Qa5 9. Bxd7+ Nxd7 10. Ne2 b6 11. a4 Bg7 12. 0-0 Qa6 13. d5 Qc4 14. Qc2 0-0 15. f3 e6 16. d6 a6 17. Bg5 b5 18. Rfc1 Rfb8 19. a5 Rb7 20. Qd2 Ne5 21. f4 Nc6 22. e5 h6 23. Bf6 Bxf6 24. exf6 Qd5 25. Qe3 Nxa5 26. Rd1 Nc4 27. Rxd5 Nxe3 28. Rxc5 Rd7 0-1

[Event "RD-2011-0-00057"]
[Site "LSS email"]
[Date "2011.10.29"]
[Round "?"]
[White "Razumov, Aleksandr Nikolaevi"]
[Black "Santos, Maria Cristina"]
[Result "0-1"]
[WhiteElo "1339"]
[BlackElo "1498"]
[PlyCount "46"]
[EventDate "2011.07.22"]
[EventType "tourn (corr)"]
[EventRounds "6"]
[EventCountry "GER"]
[SourceTitle "Telechess CBM 157"]
[Source "ChessBase"]
[SourceDate "2013.11.12"]
[SourceVersion "1"]
[SourceVersionDate "2013.11.12"]
[SourceQuality "1"]

1. d4 Nf6 2. c4 g6 3. Nc3 Bg7 4. e4 d6 5. Nf3 0-0 6. Be2 e5 7. 0-0 Nc6 8. d5 Ne7 9. Bg5 Nh5 10. Qd2 f6 11. Bh6 Bxh6 12. Qxh6 Nf4 13. Ne1 c6 14. Nd3 Nxe2+ 15. Nxe2 b5 16. dxc6 bxc4 17. Nb4 Be6 18. Rfd1 Rc8 19. Qd2 a5 20. Nd5 Rxc6 21. Nec3 f5 22. Nxe7+ Qxe7 23. exf5 gxf5 0-1

[Event "ZI-2011-0-01118"]
[Site "LSS email"]
[Date "2011.10.19"]
[Round "?"]
[White "Schulz, Hans Juergen"]
[Black "Razumov, Aleksandr Nikolaevi"]
[Result "1-0"]
[WhiteElo "1752"]
[BlackElo "1339"]
[PlyCount "41"]
[EventDate "2011.10.16"]
[EventType "match (corr)"]
[EventRounds "2"]
[EventCountry "GER"]
[SourceTitle "Telechess CBM 149"]
[Source "ChessBase"]
[SourceDate "2012.07.17"]
[SourceVersion "1"]
[SourceVersionDate "2012.07.17"]
[SourceQuality "1"]

1. e4 c5 2. Nf3 Nc6 3. d4 cxd4 4. Nxd4 Nf6 5. Nc3 e5 6. Ndb5 d6 7. Bg5 a6 8. Na3 b5 9. Bxf6 gxf6 10. Nd5 Be6 11. c3 Bg7 12. Nc2 f5 13. exf5 Bxf5 14. a4 bxa4 15. Nce3 Bd7 16. Qxa4 Ne7 17. Qa5 Nxd5 18. Qxd5 Rb8 19. Qxd6 Qb6 20. Qxb6 Rxb6 21. b4 1-0

[Event "RD-2011-0-00056"]
[Site "LSS email"]
[Date "2011.10.11"]
[Round "?"]
[White "Razumov, Aleksandr Nikolaevi"]
[Black "Lind, Anders"]
[Result "0-1"]
[WhiteElo "1339"]
[BlackElo "1565"]
[PlyCount "62"]
[EventDate "2011.06.02"]
[EventType "tourn (corr)"]
[EventRounds "6"]
[EventCountry "GER"]
[SourceTitle "Telechess CBM 157"]
[Source "ChessBase"]
[SourceDate "2013.11.12"]
[SourceVersion "1"]
[SourceVersionDate "2013.11.12"]
[SourceQuality "1"]

1. e4 c6 2. d4 d5 3. Nc3 dxe4 4. Nxe4 Bf5 5. Ng3 Bg6 6. h4 h6 7. Nf3 Nd7 8. h5 Bh7 9. Bd3 Bxd3 10. Qxd3 e6 11. Bf4 Qa5+ 12. Bd2 Qc7 13. 0-0-0 Ngf6 14. Qe2 Bd6 15. Nf5 Bf4 16. Nxg7+ Kf8 17. Nxe6+ fxe6 18. Kb1 Bxd2 19. Qxd2 Re8 20. Nh4 Rh7 21. Ng6+ Kg8 22. g4 e5 23. g5 hxg5 24. Qxg5 exd4 25. h6 Kf7 26. f4 Rg8 27. f5 Re8 28. Rxd4 c5 29. Rdd1 Ne4 30. Qe3 c4 31. Nf4 Ndf6 0-1

[Event "OP-2011-0-01808"]
[Site "LSS email"]
[Date "2011.10.07"]
[Round "?"]
[White "Razumov, Aleksandr Nikolaevi"]
[Black "Korinek, Jaroslav"]
[Result "0-1"]
[WhiteElo "1338"]
[BlackElo "1787"]
[PlyCount "68"]
[EventDate "2011.10.04"]
[EventType "tourn (corr)"]
[EventRounds "4"]
[EventCountry "GER"]
[SourceTitle "Telechess CBM 153"]
[Source "ChessBase"]
[SourceDate "2013.03.14"]
[SourceVersion "1"]
[SourceVersionDate "2013.03.14"]
[SourceQuality "1"]

1. d4 Nf6 2. c4 e6 3. Nc3 Bb4 4. Nf3 0-0 5. e3 b6 6. Bd3 Bxc3+ 7. bxc3 Bb7 8. 0-0 d6 9. Nd2 c5 10. Bb2 Nc6 11. Qf3 Rc8 12. Qh3 h6 13. f4 cxd4 14. cxd4 Nb4 15. Bb1 b5 16. Bc3 Nbd5 17. cxd5 Rxc3 18. dxe6 fxe6 19. Be4 Bd5 20. Bxd5 exd5 21. Rac1 b4 22. Nb1 Rd3 23. Qe6+ Kh8 24. Rf3 Qe8 25. Qxd6 Rxe3 26. Qxf8+ Qxf8 27. Rxe3 Ne4 28. g3 Qf6 29. Rd1 g5 30. Re2 gxf4 31. gxf4 h5 32. Rd3 Qa6 33. Rde3 Qc4 34. a3 Qxd4 0-1

[Event "CP-2011-P-00038"]
[Site "LSS email"]
[Date "2011.09.30"]
[Round "?"]
[White "Simmelink, Joop Theo"]
[Black "Razumov, Aleksandr Nikolaevi"]
[Result "1-0"]
[WhiteElo "2240"]
[BlackElo "1338"]
[PlyCount "69"]
[EventDate "2011.10.01"]
[EventType "tourn (corr)"]
[EventRounds "6"]
[EventCountry "GER"]
[SourceTitle "Telechess CBM 157"]
[Source "ChessBase"]
[SourceDate "2013.11.12"]
[SourceVersion "1"]
[SourceVersionDate "2013.11.12"]
[SourceQuality "1"]

1. e4 e5 2. Nf3 Nc6 3. Bb5 a6 4. Ba4 Nf6 5. 0-0 Be7 6. Re1 b5 7. Bb3 0-0 8. c3 d6 9. h3 Na5 10. Bc2 c5 11. d4 Qc7 12. Nbd2 cxd4 13. cxd4 Nc6 14. a3 Bd7 15. d5 Na5 16. Nf1 Rfc8 17. Bd3 h6 18. Ng3 Bd8 19. b3 Qa7 20. Bd2 Bb6 21. Rf1 Nb7 22. b4 Rc7 23. Nh4 a5 24. Qf3 axb4 25. Ngf5 Bxf5 26. Nxf5 h5 27. Bh6 bxa3 28. Nxg7 Nxe4 29. Qxe4 f5 30. Qxf5 Rxg7 31. Bxg7 Kxg7 32. Rxa3 Qxa3 33. Qg5+ Kf8 34. Bg6 Nd8 35. Qh6+ 1-0

[Event "CP-2011-P-00038"]
[Site "LSS email"]
[Date "2011.09.30"]
[Round "?"]
[White "Wisham, Clyde"]
[Black "Razumov, Aleksandr Nikolaevi"]
[Result "1-0"]
[WhiteElo "1834"]
[BlackElo "1338"]
[PlyCount "45"]
[EventDate "2011.10.01"]
[EventType "tourn (corr)"]
[EventRounds "6"]
[EventCountry "GER"]
[SourceTitle "Telechess CBM 157"]
[Source "ChessBase"]
[SourceDate "2013.11.12"]
[SourceVersion "1"]
[SourceVersionDate "2013.11.12"]
[SourceQuality "1"]

1. d4 Nf6 2. c4 g6 3. g3 Bg7 4. Bg2 0-0 5. Nc3 c5 6. Nf3 d5 7. dxc5 dxc4 8. 0-0 Nc6 9. Qa4 Nd5 10. Qxc4 Nxc3 11. bxc3 e5 12. Ng5 Na5 13. Qb4 Nc6 14. Qa4 Bd7 15. Rb1 Qc7 16. Qh4 h6 17. Ne4 g5 18. Qh5 Bf5 19. Rb5 Qd7 20. Qf3 Rab8 21. Nd6 Bg6 22. Qd5 Rfd8 23. Rd1 1-0

[Event "SD-2011-0-00114"]
[Site "LSS email"]
[Date "2011.09.23"]
[Round "?"]
[White "Kiryushin, Anatoly"]
[Black "Razumov, Aleksandr Nikolaevi"]
[Result "1-0"]
[WhiteElo "1766"]
[BlackElo "1338"]
[PlyCount "63"]
[EventDate "2011.08.10"]
[EventType "tourn (corr)"]
[EventRounds "6"]
[EventCountry "GER"]
[SourceTitle "Telechess CBM 165"]
[Source "ChessBase"]
[SourceDate "2015.03.11"]
[SourceVersion "1"]
[SourceVersionDate "2015.03.11"]
[SourceQuality "1"]

1. e4 c5 2. Nf3 d6 3. d4 cxd4 4. Nxd4 Nf6 5. Nc3 a6 6. Bg5 e6 7. f4 Qb6 8. Qd2 Qxb2 9. Nb3 Qa3 10. Bxf6 gxf6 11. Be2 Nc6 12. 0-0 Be7 13. Qe3 Rg8 14. Nb1 Qb2 15. c3 e5 16. f5 d5 17. exd5 Na5 18. N1d2 Qa3 19. Ne4 Bxf5 20. Rxf5 Nxb3 21. d6 Nxa1 22. dxe7 Rg6 23. Nxf6+ Rxf6 24. Rxf6 Qxe7 25. Rf5 Qd6 26. Qg5 Kf8 27. Bh5 Qb6+ 28. Kf1 Qb1+ 29. Kf2 Qb2+ 30. Kg3 Qxc3+ 31. Kh4 Qc4+ 32. g4 1-0

[Event "SD-2011-0-00113"]
[Site "LSS email"]
[Date "2011.09.13"]
[Round "?"]
[White "Vio, Mauro"]
[Black "Razumov, Aleksandr Nikolaevi"]
[Result "1-0"]
[WhiteElo "1566"]
[BlackElo "1339"]
[PlyCount "67"]
[EventDate "2011.08.04"]
[EventType "tourn (corr)"]
[EventRounds "6"]
[EventCountry "GER"]
[SourceTitle "Telechess CBM 157"]
[Source "ChessBase"]
[SourceDate "2013.11.12"]
[SourceVersion "1"]
[SourceVersionDate "2013.11.12"]
[SourceQuality "1"]

1. d4 Nf6 2. Nf3 d5 3. e3 e6 4. Bd3 c5 5. 0-0 Nc6 6. Ne5 Bd6 7. Nxc6 bxc6 8. dxc5 Bxc5 9. Nc3 0-0 10. e4 e5 11. h3 Rb8 12. Qe2 Re8 13. exd5 cxd5 14. Bg5 Bd4 15. Rab1 Bxc3 16. bxc3 Rxb1 17. Rxb1 h6 18. Bxf6 Qxf6 19. c4 d4 20. Qe4 g6 21. Qa8 Qe7 22. Rb8 Qc5 23. Be4 Rf8 24. a4 Kg7 25. Qd5 Qxd5 26. cxd5 Bf5 27. Rxf8 Kxf8 28. Bxf5 gxf5 29. Kf1 Ke7 30. Ke2 Kd6 31. c4 dxc3 32. Kd3 Kxd5 33. Kxc3 f4 34. Kd3 1-0

[Event "ZI-2011-0-01069"]
[Site "LSS email"]
[Date "2011.08.19"]
[Round "?"]
[White "Razumov, Aleksandr Nikolaevi"]
[Black "Santos, Sebastiao"]
[Result "1/2-1/2"]
[WhiteElo "1501"]
[BlackElo "1847"]
[PlyCount "107"]
[EventDate "2011.08.11"]
[EventType "match (corr)"]
[EventRounds "2"]
[EventCountry "GER"]
[SourceTitle "Telechess CBM 149"]
[Source "ChessBase"]
[SourceDate "2012.07.17"]
[SourceVersion "1"]
[SourceVersionDate "2012.07.17"]
[SourceQuality "1"]

1. e4 c5 2. Nf3 d6 3. d4 cxd4 4. Nxd4 Nf6 5. Nc3 g6 6. Be3 Bg7 7. Be2 Nc6 8. 0-0 0-0 9. f3 Nxd4 10. Bxd4 e5 11. Be3 Be6 12. a4 d5 13. exd5 Nxd5 14. Nxd5 Bxd5 15. a5 e4 16. c3 Re8 17. fxe4 Rxe4 18. Bf3 Re5 19. Bf4 Rf5 20. Bg4 Rf6 21. Rf2 Bc6 22. Qxd8+ Rxd8 23. a6 b6 24. Re1 h5 25. Bg5 Rxf2 26. Kxf2 Rd5 27. Bf3 Rf5 28. Bd8 Bxf3 29. gxf3 Ra5 30. Re8+ Kh7 31. Re7 Rxa6 32. Rxf7 Kg8 33. Re7 Ra5 34. Bc7 Rb5 35. Re2 Kf7 36. f4 Bf6 37. Ke3 Ke6 38. Ke4 Ra5 39. Rd2 Ra4+ 40. Kf3 Be7 41. Re2+ Kf6 42. Bb8 Kf7 43. Be5 Bf6 44. Bd6 Ra1 45. Rd2 Be7 46. Bc7 Re1 47. Kf2 Rb1 48. Ke3 Kf6 49. Kd4 Re1 50. Kd5 Re6 51. Be5+ Kf5 52. Rg2 Bh4 53. Re2 Bf6 54. Rf2 1/2-1/2

[Event "SC-2011-0-00108"]
[Site "LSS email"]
[Date "2011.07.13"]
[Round "?"]
[White "Razumov, Aleksandr Nikolaevi"]
[Black "Rakus, Klaus Dieter"]
[Result "1-0"]
[WhiteElo "1339"]
[BlackElo "1543"]
[PlyCount "77"]
[EventDate "2011.06.20"]
[EventType "tourn (corr)"]
[EventRounds "6"]
[EventCountry "GER"]
[SourceTitle "Telechess CBM 157"]
[Source "ChessBase"]
[SourceDate "2013.11.12"]
[SourceVersion "1"]
[SourceVersionDate "2013.11.12"]
[SourceQuality "1"]

1. e4 e5 2. Nf3 Nc6 3. Bb5 a6 4. Ba4 Nf6 5. 0-0 b5 6. Bb3 Bc5 7. Nxe5 Nxe5 8. d4 Bxd4 9. Qxd4 d6 10. f4 c5 11. Qc3 Nc6 12. e5 Ne4 13. Qe3 d5 14. a4 Bb7 15. axb5 axb5 16. Rxa8 Bxa8 17. c3 0-0 18. Bc2 Qe7 19. Nd2 Nxd2 20. Bxd2 b4 21. cxb4 Nxb4 22. Bxb4 cxb4 23. Ra1 Qb7 24. Qd4 Rc8 25. Bd3 Qe7 26. Bf5 Re8 27. Ra7 Bb7 28. Qb6 Rb8 29. h3 g6 30. Bd3 Qe6 31. Qxb4 Qc6 32. Bf1 Qc8 33. Qd6 Ra8 34. Rxa8 Qxa8 35. b4 Bc8 36. b5 Be6 37. b6 h6 38. Qe7 Bc8 39. Qe8+ 1-0

[Event "ZI-2011-0-00990"]
[Site "LSS email"]
[Date "2011.05.15"]
[Round "?"]
[White "Razumov, Aleksandr Nikolaevi"]
[Black "Endean, Andrew"]
[Result "1/2-1/2"]
[WhiteElo "1525"]
[BlackElo "1549"]
[PlyCount "35"]
[EventDate "2011.05.13"]
[EventType "match (corr)"]
[EventRounds "2"]
[EventCountry "GER"]
[SourceTitle "Telechess CBM 145"]
[Source "Chessbase"]
[SourceDate "2011.11.11"]
[SourceVersion "1"]
[SourceVersionDate "2011.11.11"]
[SourceQuality "1"]

1. e4 e5 2. Nf3 Nf6 3. Nxe5 d6 4. Nf3 Nxe4 5. d4 d5 6. Bd3 Nc6 7. 0-0 Be7 8. c4 Nb4 9. Be2 0-0 10. Nc3 Bf5 11. a3 Nxc3 12. bxc3 Nc6 13. Re1 Re8 14. Bf4 dxc4 15. Bxc4 Bd6 16. Rxe8+ Qxe8 17. Nh4 Qd7 18. Nxf5 1/2-1/2

[Event "SD-2011-0-00097"]
[Site "LSS email"]
[Date "2011.05.09"]
[Round "?"]
[White "Razumov, Aleksandr Nikolaevi"]
[Black "Kepinski, Janusz"]
[Result "1-0"]
[WhiteElo "1501"]
[BlackElo "1295"]
[PlyCount "63"]
[EventDate "2011.04.15"]
[EventType "tourn (corr)"]
[EventRounds "6"]
[EventCountry "GER"]
[SourceTitle "Telechess CBM 149"]
[Source "ChessBase"]
[SourceDate "2012.07.17"]
[SourceVersion "1"]
[SourceVersionDate "2012.07.17"]
[SourceQuality "1"]

1. e4 Nf6 2. e5 Nd5 3. d4 Nb6 4. Nf3 d6 5. Nc3 Bg4 6. h3 Bh5 7. exd6 Qxd6 8. Bb5+ c6 9. Be2 e6 10. 0-0 Be7 11. Ne4 Qc7 12. Ne5 Bxe2 13. Qxe2 N8d7 14. Bf4 Qd8 15. c4 Nxe5 16. dxe5 0-0 17. Rad1 Qc7 18. Nd6 Rfd8 19. Rd3 Rd7 20. Rfd1 Rad8 21. b3 a6 22. Qg4 g6 23. Bh6 Bf8 24. Bg5 Ra8 25. a4 h5 26. Qf4 Rb8 27. g4 h4 28. Bf6 a5 29. g5 Bg7 30. Qxh4 Bxf6 31. gxf6 Qd8 32. Nxf7 1-0

[Event "BI-2011-P-00018"]
[Site "LSS email"]
[Date "2011.04.17"]
[Round "?"]
[White "Fernandez, Javier Horacio"]
[Black "Razumov, Aleksandr Nikolaevi"]
[Result "1-0"]
[WhiteElo "2187"]
[BlackElo "1501"]
[PlyCount "51"]
[EventDate "2011.04.20"]
[EventType "tourn (corr)"]
[EventRounds "10"]
[EventCountry "GER"]
[SourceTitle "Telechess CBM 151"]
[Source "ChessBase"]
[SourceDate "2012.11.13"]
[SourceVersion "1"]
[SourceVersionDate "2012.11.13"]
[SourceQuality "1"]

1. e4 e5 2. f4 exf4 3. Bc4 Qh4+ 4. Kf1 d6 5. Nf3 Qh6 6. d4 Be6 7. Qd3 Nd7 8. Nc3 0-0-0 9. h4 Be7 10. a4 Ngf6 11. a5 Nxe4 12. Bxe6 Ng3+ 13. Kg1 Qxe6 14. a6 b6 15. Bxf4 Nxh1 16. Re1 Nf2 17. Kxf2 Bxh4+ 18. Nxh4 Qg4 19. g3 Rhe8 20. Ne4 Kb8 21. Qb5 Rxe4 22. Rxe4 Nf6 23. Re7 Qc8 24. Qc6 Nd5 25. Qxd5 g6 26. Qc6 1-0

[Event "BI-2011-P-00018"]
[Site "LSS email"]
[Date "2011.04.17"]
[Round "?"]
[White "Razumov, Aleksandr Nikolaevi"]
[Black "Nichols, Scott"]
[Result "0-1"]
[WhiteElo "1501"]
[BlackElo "2240"]
[PlyCount "132"]
[EventDate "2011.04.20"]
[EventType "tourn (corr)"]
[EventRounds "10"]
[EventCountry "GER"]
[SourceTitle "Telechess CBM 151"]
[Source "ChessBase"]
[SourceDate "2012.11.13"]
[SourceVersion "1"]
[SourceVersionDate "2012.11.13"]
[SourceQuality "1"]

1. e4 c5 2. Nf3 d6 3. d4 cxd4 4. Nxd4 Nf6 5. Nc3 a6 6. h3 e5 7. Nf3 Qc7 8. Be3 Nbd7 9. Bd3 Be7 10. Qd2 b5 11. a4 b4 12. Nd5 Nxd5 13. exd5 Bb7 14. Qxb4 Bxd5 15. 0-0 0-0 16. Nd2 Rab8 17. Qa3 Qb7 18. f3 Be6 19. Rab1 Rfe8 20. b4 d5 21. c3 a5 22. Bb5 Rec8 23. Qb2 Bf5 24. Rbc1 Nb6 25. Bf2 Bd7 26. Bxd7 Qxd7 27. Bxb6 Rxb6 28. b5 Bc5+ 29. Kh2 Be3 30. Rce1 Qf5 31. Kh1 Bf4 32. Nb3 Rh6 33. Nxa5 Qg5 34. Qf2 Rxc3 35. Nc6 e4 36. Qb6 e3 37. Qd8+ Qxd8 38. Nxd8 d4 39. Nc6 Rd6 40. Rg1 Bg3 41. Ra1 Rcxc6 42. bxc6 Rxc6 43. a5 e2 44. a6 Rc8 45. Ra3 Ra8 46. f4 e1Q 47. Rxe1 Bxe1 48. g4 Kf8 49. Kg2 d3 50. Rxd3 Rxa6 51. Kf3 Bb4 52. Ke4 Ra3 53. Rd4 Be7 54. Rd3 f5+ 55. Kd4 Bc5+ 56. Kc4 Rxd3 57. Kxd3 Ke7 58. Kd2 fxg4 59. hxg4 Ke6 60. Ke2 Kd5 61. Kf3 Bd4 62. f5 g5 63. fxg6 hxg6 64. Kg2 Ke4 65. Kg3 g5 66. Kg2 Kf4 0-1